| 000 | 01155cam a22002891 4500 | ||
|---|---|---|---|
| 001 | gs 47000344 | ||
| 003 | DLC | ||
| 005 | 20260227111353.0 | ||
| 008 | 891025s1943 sw ab b 000 0 swe c | ||
| 010 | _ags 47000344 | ||
| 035 | _a(OCoLC)20548448 | ||
| 040 |
_aU.S. Geol. Survey. Libr. _cCU _dCU _dDLC |
||
| 042 | _apremarc | ||
| 050 | 0 | 0 |
_aQE282 _b.A3 ser. C, no. 457 |
| 100 | 1 |
_aLundqvist, G. _q(Gösta), _d1894-1967. |
|
| 245 | 1 | 0 |
_aNorrlands jordarte, _cav G. Lundqvist ... |
| 260 |
_aStockholm, _bKungl. boktryckeriet, P.A. Norstedt & söner, _c1943. |
||
| 300 |
_a165, [1] p. _billus. (incl. profiles) maps (2 fold., 1 in pocket) diagrs. _c24 cm. |
||
| 490 | 1 |
_aSweden. Geologiska undersökningen. Ser. C. Avhandlingar och uppsatser, _vn:o 457. Årsbok 37 (1943) n:o 6 |
|
| 500 | _aAt head of title: Sveriges geologiska undersökning. | ||
| 504 | _a"Anförd litteratur": p. [158]-165. | ||
| 650 | 0 |
_aSoils _zSweden _zNorrland. |
|
| 650 | 0 |
_aPhysical geography _zSweden _zNorrland. |
|
| 650 | 0 | _aGlacial epoch. | |
| 830 | 0 |
_aSer. C--Avhandlingar och uppsatser ; _vn:o 457. |
|
| 830 | 0 |
_aÅrsbok (Sveriges geologiska undersökning) ; _v37 : n:o 6. |
|
| 999 |
_c28223 _d28223 |
||